书目信息 |
| 题名: |
世界政治经济与国际关系教学要点
|
|
| 作者: | ;国家教育委员会社会科学与艺术教育司 编 | |
| 分册: | ||
| 出版信息: | 北京 高等教育出版社 1993.6 |
|
| 页数: | 105页 | |
| 开本: | 19cm | |
| 丛书名: | ||
| 单 册: | ||
| 中图分类: | D5 , D81 | |
| 科图分类: | 32.1 | |
| 主题词: | 国际政治--教学参考资料 , 国际关系--教学参考资料 , 世界经济--教学参考资料 | |
| 电子资源: | ||
| ISBN: | 7-04-004201-0 | |
| 000 | 01017nam0 2200265 45 | |
| 001 | 0193030825 | |
| 005 | 20070707162800.56 | |
| 010 | @a7-04-004201-0@dCNY3.00 | |
| 100 | @a19930720d1993 em y0chiy0121 ea | |
| 101 | 0 | @achi |
| 102 | @aCN@b110000 | |
| 105 | @ay z 000yy | |
| 200 | 10 | @a世界政治经济与国际关系教学要点@ASHI JIE ZHENG ZHI JING JI YU GUO JI GUAN XI JIAO XUE YAO DIAN@e修订试用本@EXIU DING SHI YONG BEN@f国家教委社会科学与艺术教育司编@FGUO JIA JIAO WEI SHE HUI KE XUE YU YI SHU JIAO YU SI BIAN |
| 210 | @a北京@c高等教育出版社@d1993.6@h1996 | |
| 215 | @a105页@d19cm | |
| 540 | 1 | @a政治 经济 国际 关系@AZHENG ZHI JING JI GUO JI GUAN XI |
| 606 | @a国际政治@x教学参考资料 | |
| 606 | @a国际关系@x教学参考资料 | |
| 606 | @a世界经济@x教学参考资料 | |
| 690 | @aD5@v三版 | |
| 690 | @aD81@v三版 | |
| 692 | @a32.1 | |
| 711 | 02 | @a国家教育委员会社会科学与艺术教育司@AGUO JIA JIAO YU WEI YUAN HUI SHE HUI KE XUE YU YI SHU JIAO YU SI@4编 |
| 801 | 0 | @aCN@bTSSF@c20070707 |
| 905 | @a10447@dD5@e162=2 | |
| 世界政治经济与国际关系教学要点:修订试用本/国家教委社会科学与艺术教育司编.-北京:高等教育出版社,1993.6(1996) |
| 105页;19cm |
| ISBN 7-04-004201-0:CNY3.00 |
| ● |
| 相关链接 |
|
|
|
|
正题名:世界政治经济与国际关系教学要点
索取号:D5/162=2
 
预约/预借
| 序号 | 登录号 | 条形码 | 馆藏地/架位号 | 状态 | 备注 |
| 1 | 0765636 | 207656366 | 第一样本阅览室/ [索取号:D5/162=2] | 在馆 |